Histoire Littéraire - Statistiques

Statistiques générales
  • Ce quiz a été pris 48 fois
    32 depuis la dernière actualisation
  • Le résultat moyen est 16 sur 80
Statistiques - réponses
Hint Réponse % Correct
Nouveau genre dramatique répondant à une volonté politique de rapprocher le théâtre du public Drame
57%
Théâtre parisien officiel crée en 1680 qui détient le monopole du théâtre parlé et conserve le patrimoine du répertoire "classique" La Comédie Française
57%
Programme collectif dont le but est de rassembler les connaissances éparses sur la surface de la terre et de les transmettre aux hommes qui viendront après nous Projet encyclopédique
57%
Auteur de La Disparition (pas de lettre e) George Perec
50%
Genre littéraire de plus en plus populaire car s'adapte au format "feuilleton" La Nouvelle
50%
Devise des Lumières selon Kant qui signifie "Aie le courage de te servir de ton propre entendement !" Sapere aude
43%
Il a une approche désacralisée de la littérature, auteur de Le degré zéro de littérature (1953) Roland Barthes
43%
La révolution poétique débute avec lui Victor Hugo
43%
Il invente le mot "négritude" pour désigner "la conscience d'être noir (...) qui implique acceptation, prise en charge de son destin de Noir (...) de culture" Aimé Césaire
36%
Ouvrage dans lequel Montesquieu théorise la séparation des pouvoirs pour lutter contre le despotisme De l'esprit des lois
36%
Roman épistolaire de Goethe qui engendre une vague de suicides Les Souffrances du jeune Werther
36%
Appartient au mouvement de la négritude, premier président du Sénégal, il a une vision pacifiste de la décolonisation Léopold Sédar Senghor
36%
Théâtre parisien officiel crée en 1669, académie royale de musique L'Opéra
36%
Personnage type du héros romantique (tourmenté, maudit, révolté) créé par Musset Lorenzaccio
36%
Il réinstaure la censure et un répertoire limité Napoléon
36%
Nouvelle mode romanesque initiée par Montesquieu avec Lettres Persanes (1721) Roman épistolaire
36%
Genre théâtral en constante évolution depuis le Moyen-Age, issu de la farce. Vaudeville
36%
Il affirme avant tout le théâtre comme un "espace indépendant", annonce l'absurde avec Ubu roi Alfred Jarry
29%
Victor Hugo invente un nouveau genre théâtral où le sublime se mêle au grotesque Drame romantique
29%
Pour lui la langue est un système de signes Ferdinand de Saussure
29%
Mouvement porté par Anne Radcliffe Gothique
29%
Roman-mémoires écrit par Marivaux (1734), hérité du roman picaresque où l'individu (roturier) est confronté à l'espace urbain Le Paysan parvenu
29%
Il décrit le projet réaliste avec cette phrase : « un roman est un miroir qui se promène le long d’une route » Stendhal
29%
Année du romantisme allemand 1770
21%
Nombre de salles de théâtre en 1792 35
21%
Auteur du Voyage de Monsieur Perrichon Eugène Labiche
21%
Best-seller écrit par Rousseau (1761) qui marque le début de l’exploration du moi dans son rapport à la nature et à sa vie affective et sociale Julie ou la nouvelle Héloïse
21%
Pièce censurée par le comité qui surveille l'idéologie du théâtre, pour avoir donné un rôle positif à un noble Pamela
21%
Disciple de Freud, pour lui l'inconscient se structure comme le langage Jacques Lacan
21%
Figure de style qui consiste à produire un texte d'où sont délibérément exclues certaines lettres de l'alphabet. Lipogramme
21%
Courant littéraire, groupe flou d’auteurs qui ont en commun de bouleverser les cadres traditionnels du récit et du roman Nouveau Roman
21%
OuLiPo se fonde sur les expériences littéraires de cet ancien surréaliste Raymond Queneau
21%
Surréaliste connu pour saboter la forme poétique avec des jeux de mots Robert Desnos
21%
Sublime de la tempête, de la violence, du dépassement de la condition humaine Sublime Burkien
21%
Théâtre parisien officiel crée en 1696 à l'hôtel de Bourgogne et dirigé par Luigi Riccoboni Théâtre Italien
21%
Genre théâtral qui veut supprimer le coup de théâtre et qui se caractérise par une intrigue pauvre pour montrer le quotidien de l'existence Théâtre naturaliste
21%
Fascination pour le théâtre typique du XVIIIème siècle Théâtromanie
21%
Pionnier du roman historique Walter Scott
21%
Décennie de l'apogée du romantisme français 1825 - 1835
14%
Année d'abolition de tous les privilèges liés au théâtre 1864
14%
Détermine le succès d'une pièce de théâtre au XIXème siècle Accueil du public
14%
Idée fondatrice de l'OuLiPo Contrainte créatrice
14%
Nouvelle forme de discours qui se développe avec la civilisation du journal Critique littéraire
14%
Nom de la cette mode qui consiste à faire le plus vrai possible sur scène Décorativisme
14%
Il fait renaitre fugacement le drame romantique en 1897. Edmond Rostand.
14%
Selon la typologie établie par Genette, dans le roman mémoires le narrateur doit être... Homodiégétique
14%
Pièce de Dumas qui inaugure la décennie du succès du drame romantique Antony
14%
Pièce où un escalier est installé en plein milieu de la scène Chatterton
14%
Pièce de Victor Hugo qui sonne la fin de l'école romantique en 1835 Les Burgraves
14%
Mot allemand signifiant "vague des passions" qui exprime la déception lorsqu'on réalise que nos idéaux ne se réaliseront pas dans la vraie vie Weltschmertz
14%
Dramaturge qui écrit des pièces pour la foire telles que Turcaret (1708) ou La foire de Guibray (1714) Lesage
14%
Pour Breton il ouvre à des réalités invisibles, source de créations littéraires L'inconscient
14%
Les Lumières luttent contre deux choses L'obscurantisme et l'absolutisme
14%
Comédienne de la Comédie Française fétiche de Voltaire qui s'oppose à l'excommunication des comédiens Mademoiselle Clairon
14%
Deux genres théâtraux postrévolutionnaires qui ont du succès Mélodrame et comédie
14%
Genre théâtral né du théâtre forain (foire St Laurent et foire de St Germain) Opéra comique
14%
Méthode "scientifique" fondée sur l'idée que l'on peut comprendre le caractère des gens par l'observation des traits du visage Physiognomie
14%
Approche scientifique de la linguistique Structuralisme
14%
Sublime rationnel, harmonieux issu de l'esthétique grecque Sublime Longinien
14%
Genre théâtral qui se libère complètement de l'expérience quotidienne pour se diriger vers le mythe, ne cherche ni à enseigner ou faire vrai Théâtre symboliste
14%
Mais c'est Rimbaud qui la révolutionne vraiment avec la naissance du... Vers libre
14%
Lieu où se joue le théâtre au XVIIIème qui entraîne une concurrence Ville
14%
Date de la loi libéralisant le théâtre (n'importe qui peut ouvrir son théâtre) 13 janvier 1791
7%
Contrainte à laquelle obéit le roman Sphinx (1986) qui consiste à effacer toute marque linguistique du genre Contrainte de Turing
7%
Auteur de Boubouroche, veut faire un vaudeville "littéraire" Courteline
7%
Il révolutionne le journal en 1846 en proposant un quotidien à 5 cts Emile de Girardin
7%
Evènement qui rapproche les surréalistes du PCF Exposition coloniale
7%
Ouvrage publié en 1939 par Aimé Césaire qui le rapproche de Breton et du surréalisme Cahier d'un retour au pays natal
7%
Pièce de ce dramaturge qui profite de l'héritage romantique et symbolique L'Aiglon
7%
Elle fonde une partie de l'esthétisme du surréalisme La surprise
7%
Terme qui désigne l'obsession pour le langage des écrivains jusque dans les années 1970 Logocentrisme
7%
Révolution du XXème siècle qui peut s'affilier à une révolution surréaliste Mai 68
7%
Révolution du XXème siècle dans laquelle les surréalistes placent leurs espoirs révolutionnaires Révolution espagnole
7%
Il théorise la fonction poétique du langage en jouant sur les signifiants Roman Jackobson
7%
Autrice du Sphinx (1986) Anne Garréta
0%
Roman écrit par Richardson en 1748 classé parmi les romans sensibles et traite du libertinage avec le personnage de Lovelace. Clarisse Harlowe
0%
Premier roman mémoires publié en 1674 par Madame de Villedieu Mémoires d’Henriette Sylvie de Molière
0%
Elle introduit le panafricanisme Jeanne Nardal
0%
Mouvement collectif de l'OuLiPo L'Ouvroir de Littérature Potentielle
0%
Il propose un théâtre idéaliste, métaphysique et veut "faire penser" Villiers de l'Isle-Ad
0%
Aucun quiz correspondant
Distribution des résultats
% des personnes avec chaque résultat
Percentile par nombre de réponses
Votre historique - résultats
Vous n’avez pas pris ce quiz depuis la dernière actualisation